| 000 | 01535nam a2200445 c 4500 | ||
|---|---|---|---|
| 003 | BLK | ||
| 005 | 20241207152131.0 | ||
| 008 | 180408b bul|||||r ||||||| ||bul|| | ||
| 010 | _aKNG00070088000 | ||
| 020 |
_a954-685-408-5 _bиздат.: СофтПрес |
||
| 040 | _aBLK | ||
| 041 |
_aBUL _cBUL |
||
| 080 |
_aПриложни програми _b681.322.06 _x(035) _z681.322.06(035) |
||
| 080 |
_aОбзавеждане с изчислителна техника _b005.912:004 _x(035) _z005.912:004(035) |
||
| 139 |
_aРабота с компютър в офиса _bР 11 |
||
| 245 | 1 | 0 | _aРабота с компютър в офиса |
| 257 | _aBGR | ||
| 260 |
_аСофия _bСофтПрес _c2006 |
||
| 300 |
_a480 с. _bс ил. _c24 см _eCD |
||
| 380 | _a62 | ||
| 490 | 1 | _aЕфективен самоучител | |
| 500 | _aКн. е със CD със сигн. CD 1099. | ||
| 650 | 0 |
_aОперационни системи _9246535 |
|
| 650 | 4 |
_aБази данни _9252614 |
|
| 653 | _aWindows | ||
| 653 | _aOffice | ||
| 653 | _aинформационни системи | ||
| 653 | _aтекстообработка | ||
| 653 | _aзащита срещу хакери | ||
| 653 | _aбази данни | ||
| 653 | _aИнтернет | ||
| 653 | _aелектронна поща | ||
| 653 | _aсканиране | ||
| 852 | _aЦб 230460 | ||
| 856 | 4 |
_qpdf _u |
|
| 856 | 4 |
_qpdf _u |
|
| 942 |
_cKNG _n0 _04 |
||
| 944 |
_aCR _c18.12.2006 _k30560 _lГеновева Генчева |
||
| 944 |
_aED _c22.01.2013 _k |
||
| 999 |
_c65806 _d65806 |
||